00836nam a2200181 a 4500008004100000020001800041050001600059100002900075245010700104250001200211260005000223300002600273350001000299650001800309995017500327999001700502952013500519150817s2001 ||||||||||||||||| || u a9780130195548 aQP 34.5 Sil aSilverthorn, Dee Uuglaub10aHuman physiology: an integrated approach.(2nd ed.)cby Dee Unglaub Silverthorn and Richard Damian Hill a2nd ed. aUnited States of AmericabPrentice Hallc2001 aseveral pagings, ill. a29.40 0aHUMAN ANATOMY aMEDICAL LIBRARY OPEN ACCESSe903090FCBU-SCHOOL OF MEDICINE LIBRARY (Ndola)I29.40jQP 34.5 SilM1UAVAILABLEWSep 4, 2015y903090ZMedical Library Open Access Collection c31738d31738 00102lcc4070a002b002cMedical Library Open Access Collectiond2022-11-30l0oQP 34.5 Silp903090r2022-11-30w2022-11-30y002